| 000 | 00555 a2200193 4500 | ||
|---|---|---|---|
| 001 | 61754 | ||
| 005 | 20260407155909.0 | ||
| 008 | 260407a1972 arg spa d | ||
| 003 | AR-UNSa-BCEJYS | ||
| 040 |
_aAR-UNSa-BCEJYS _bspa _cAR-UNSa-BCEJYS |
||
| 080 |
_a347.72 _xSociedades comerciales |
||
| 245 | 1 | 0 |
_aLey de sociedades comerciales _pLey 19.550 |
| 264 | 1 |
_aBuenos Aires : _bVíctor P. de Zavalía _c1972 |
|
| 300 |
_a91 p. _c20 cm. |
||
| 041 | _aspa | ||
| 942 | _cBK | ||
| 590 | _aniveau_biblio:m niveau_hierar:0 | ||
| 100 | 1 | _aArgentina [Leyes, etc.] | |
| 999 |
_c7406 _d7406 |
||